The handbook of language contact
Αποθηκεύτηκε σε:
| Άλλοι συγγραφείς: | |
|---|---|
| Μορφή: | Βιβλίο |
| Γλώσσα: | English |
| Δημοσίευση: |
Oxford :
Wiley-Blackwell,
2013
|
| Σειρά: | Blackwell handbooks in linguistics
|
| Θέματα: | |
| Ετικέτες: |
Προσθήκη ετικέτας
Δεν υπάρχουν, Καταχωρήστε ετικέτα πρώτοι!
|
MARC
| LEADER | 00000nam a2200000 i 4500 | ||
|---|---|---|---|
| 001 | 1/57528 | ||
| 008 | 141006s2013 eng d | ||
| 020 | |a 978-1-118-34715-7 (pbk.) | ||
| 035 | |l 10119365 | ||
| 040 | |a GR-MY-UA |b gre |e aacr | ||
| 041 | 0 | |a eng | |
| 082 | 0 | |a 417.7 |2 (23) | |
| 245 | 1 | 4 | |a The handbook of language contact / |c επιμέλεια: Raymond Hickey |
| 260 | |a Oxford : |b Wiley-Blackwell, |c 2013 | ||
| 300 | |a xvii, 863 σ.; |c 25 εκ. | ||
| 490 | 1 | |a Blackwell handbooks in linguistics | |
| 504 | |a Περιλαμβάνει βιβλιογραφικές παραπομπές και ευρετήριο | ||
| 650 | 0 | 0 | |a Languages in contact. |
| 650 | 0 | 0 | |a Languages in contact |x Handbooks, manuals, etc. |
| 700 | 1 | |a Hickey, Raymond |d 1954- |4 edt | |
| 830 | 0 | |a Blackwell handbooks in linguistics | |
| 852 | |a INST |b RHODES |e 20141006 |h 417.7 HAN |p 005400036962 |q 005400036962 |t BK |y 0 | ||
| 901 | |a BIBL4-2014-3 | ||
| 909 | |a Ρ |b 189345 | ||
| 922 | |a 4ΕΛΗ |b 201405 |c ΤΑΚ/ΤΜΣ |d ΔΙΑΔΡΟΜΕΣ | ||
| 970 | |z 2014/10/06 | ||